000 00220 a2200097 4500
001 30181
100 _aBrewster, D
245 _aThe agony and the ecstasy
260 _aLondon
_bCallins fontana
_c
090 _c20124
_d20124
942 _aNUST-CAE
_cM
_c11253
999 _c265254
_d265254